| 000 | 01387nam a2200361Ia 4500 | ||
|---|---|---|---|
| 001 | ebr10654833 | ||
| 003 | CaPaEBR | ||
| 006 | m u | ||
| 007 | cr cn||||||||| | ||
| 008 | 111104s2012 nyu sb 001 0 eng d | ||
| 010 | _z 2011045813 | ||
| 020 | _z1619423103 (hbk.) | ||
| 020 | _z9781619423107 (hbk.) | ||
| 020 | _z9781619423152 | ||
| 040 |
_aCaPaEBR _cCaPaEBR |
||
| 035 | _a(OCoLC)828140648 | ||
| 050 | 1 | 4 |
_aBF575.A3 _bH365 2012eb |
| 082 | 0 | 4 |
_a303.6 _223 |
| 245 | 0 | 0 |
_aHandbook on the psychology of violence _h[electronic resource] / _cHugh R. Cunningham and Wade F. Berry, editors. |
| 260 |
_aNew York : _bNova Science Publishers, _cc2012. |
||
| 300 | _axii, 289 p. | ||
| 490 | 0 | _aPsychology of emotions, motivations and actions | |
| 490 | 0 | _aPsychology research progress | |
| 504 | _aIncludes bibliographical references and index. | ||
| 533 |
_aElectronic reproduction. _bPalo Alto, Calif. : _cebrary, _d2013. _nAvailable via World Wide Web. _nAccess may be limited to ebrary affiliated libraries. |
||
| 650 | 0 |
_aViolence _xPsychological aspects. |
|
| 650 | 0 |
_aViolence _xPrevention. |
|
| 655 | 7 |
_aElectronic books. _2local |
|
| 700 | 1 | _aCunningham, Hugh R. | |
| 700 | 1 | _aBerry, Wade F. | |
| 710 | 2 | _aebrary, Inc. | |
| 856 | 4 | 0 |
_uhttp://site.ebrary.com/lib/rucke/Doc?id=10654833 _zAn electronic book accessible through the World Wide Web; click to view |
| 999 |
_c180482 _d180482 |
||